Memoria del ejercicio 1979
I tiakina i:
| Kaituhi rangatōpū: | |
|---|---|
| Hōputu: | Pukapuka |
| Reo: | Pāniora |
| I whakaputaina: |
Madrid
IETC
1980
|
| Ngā marau: | |
| Ngā Tūtohu: |
Tāpirihia he Tūtohu
Kāore He Tūtohu, Me noho koe te mea tuatahi ki te tūtohu i tēnei pūkete!
|
MARC
| LEADER | 00000nam a2200000 a 4500 | ||
|---|---|---|---|
| 001 | UCU6517 | ||
| 003 | CL-VaPUC | ||
| 008 | 960621e19800000SP |||||||||||||||||spa|d | ||
| 082 | 0 | 4 | |a 385 |b INS |2 21 |
| 110 | 2 | |a Instituto de Estudios de Transportes y Comunicaciones |e author |9 364745 | |
| 245 | 1 | 0 | |a Memoria del ejercicio 1979 |
| 246 | 1 | 3 | |a El transporte en España |
| 246 | 1 | 3 | |a El transporte en el extranjero |
| 246 | 1 | 0 | |a Actividades del Instituto |
| 300 | |a 237 p | ||
| 942 | |c BK | ||
| 945 | |d 19960621 00:00:00 |a cmena | ||
| 260 | |a Madrid |b IETC |c 1980 | ||
| 650 | 7 | |a TRANSPORTE |2 CL-VaPUC |9 256365 | |
| 650 | 7 | |a TRANSPORTE POR CARRETERA |2 CL-VaPUC |9 364746 | |
| 650 | 7 | |a SERVICIOS DE TRANSPORTE |2 CL-VaPUC |9 358013 | |
| 650 | 0 | |a Carreteras |9 260132 | |
| 650 | 7 | |a TRANSPORTE INTERNACIONAL |2 CL-VaPUC |9 364747 | |
| 650 | 0 | |a Transporte de mercancias |9 358742 | |
| 651 | 0 | |a España |9 254926 | |
| 583 | |a last modification |c 19960621 00:00:00 |k Rodrigo Vera | ||
| 999 | |c 249402 |d 249400 | ||